Cuando ardio el cielo y se quemo la tierra (Record no. 10645)

MARC details
000 -CABECERA
campo de control de longitud fija 01152nam a2200301 a 4500
001 - NÚMERO DE CONTROL
campo de control BRL_1837
005 - FECHA Y HORA DE LA ÚLTIMA TRANSACCIÓN
campo de control 20190320211406.0
008 - DATOS DE LONGITUD FIJA--INFORMACIÓN GENERAL
campo de control de longitud fija 070815s1985----mx-o######---#000-0#spa-#
020 ## - NÚMERO INTERNACIONAL ESTÁNDAR DEL LIBRO
Número Internacional Estándar del Libro 9688220558
041 ## - CÓDIGO DE LENGUA
Código de lengua del texto/banda sonora o título independiente spa
044 ## - CÓDIGO DEL PAÍS DE LA ENTIDAD EDITORA/PRODUCTORA
Código MARC del país mx
050 #4 - SIGNATURA TOPOGRÁFICA DE LA BIBLIOTECA DEL CONGRESO
Número de clasificación F1221.Z6
Número de documento/Ítem .B34 1985
100 1# - ENTRADA PRINCIPAL--NOMBRE DE PERSONA
Nombre de persona Báez-Jorge, Félix
9 (RLIN) 28006
245 10 - MENCIÓN DE TÍTULO
Título Cuando ardio el cielo y se quemo la tierra
Resto del título Condiciones socioeconomicas y sanitarias de los pueblos zoques afectados por la erupcion del volcan chichonal
Mención de responsabilidad, etc. Felix Báez-Jorge, amado Rivera balderas, Pedro Arrieta Fernández.
260 ## - PUBLICACIÓN, DISTRIBUCIÓN, ETC.
Lugar de publicación, distribución, etc. México
Nombre del editor, distribuidor, etc. Instituto Nacional Indigenista
Fecha de publicación, distribución, etc. 1985
300 ## - DESCRIPCIÓN FÍSICA
Extensión 309 p.
Otras características físicas il.
Dimensiones 22 cm.
440 #0 - MENCIÓN DE SERIE/PUNTO DE ACCESO ADICIONAL--TÍTULO
Título Colección INI
Nombre de parte o sección de la obra Serie de investigaciones sociales
Designación de volumen o secuencia no.14
9 (RLIN) 28007
500 ## - NOTA GENERAL
Nota general Au2035
504 ## - NOTA DE BIBLIOGRAFÍA, ETC.
Nota de bibliografía, etc. Bibliografía: p. 303-308
650 14 - PUNTO DE ACCESO ADICIONAL DE MATERIA--TÉRMINO DE MATERIA
Término de materia o nombre geográfico como elemento de entrada Zoques
Subdivisión general Condiciones sociales
9 (RLIN) 28008
650 14 - PUNTO DE ACCESO ADICIONAL DE MATERIA--TÉRMINO DE MATERIA
Término de materia o nombre geográfico como elemento de entrada Zoques
Subdivisión general Condiciones económicas
9 (RLIN) 28009
650 14 - PUNTO DE ACCESO ADICIONAL DE MATERIA--TÉRMINO DE MATERIA
Término de materia o nombre geográfico como elemento de entrada Auxilio en desastres
Subdivisión geográfica México
9 (RLIN) 28010
651 #4 - PUNTO DE ACCESO ADICIONAL DE MATERIA--NOMBRE GEOGRÁFICO
Nombre geográfico Chichonal, Volcán (México)
Subdivisión general Erupción, 1982
9 (RLIN) 28011
700 1# - PUNTO DE ACCESO ADICIONAL--NOMBRE DE PERSONA
Nombre de persona Rivera Balderas, Amado
9 (RLIN) 28012
700 1# - PUNTO DE ACCESO ADICIONAL--NOMBRE DE PERSONA
Nombre de persona Arrieta Fernández, Pedro
9 (RLIN) 28013
902 ## - CATALOGADOR
Iniciales GRL
942 ## - ELEMENTOS DE PUNTO DE ACCESO ADICIONAL (KOHA)
Fuente del sistema de clasificación o colocación Library of Congress Classification
Tipo de ítem Koha Libros
Holdings
Estado de retiro Estado de pérdida Estado dañado No para préstamo Localización permanente Ubicación/localización actual Fecha de adquisición Número de inventario Total de préstamos Signatura topográfica completa Código de barras Fecha visto por última vez Precio válido a partir de Tipo de ítem Koha
El ejemplar forma parte de la colección y puede ser consultado según las políticas vigentes.       Biblioteca Centro de Estudios Ruth D. Lechuga Biblioteca Centro de Estudios Ruth D. Lechuga 07/08/2015 Au2035   F1221.Z6 .B34 1985 (Au2035) GRL02020 22/03/2019 22/03/2019 Libros